000 00357nam a22001457a 4500
008 250311b |||||||| |||| 00| 0 eng d
020 _a0070145156
050 _aHD38
_b.C68
100 _aCROSBY, B. Philip
245 _aThe Art of Getting your Own Sweet Way
250 _a2nd
260 _aNew York
_bMcGraw Hill
_c1981
300 _aix, 230p.
942 _cBK
999 _c2236
_d2236